[Event "XIX Carlos Torre Mem"]
[Site "Merida MEX"]
[Date "2006.12.20"]
[Round "8"]
[White "Tey Carrera,J"]
[Black "Ancheyta,A"]
[Result "1-0"]
[WhiteElo "2048"]
[BlackElo "2175"]
[EventDate "2006.12.14"]

1. d4 e6 2. c4 f5 3. g3 Nf6 4. Bg2 Be7 5. Nh3 O-O 6. O-O d5 7. b3 c6 8. Bb2
Qe8 9. Nd2 Nbd7 10. Nf3 Ne4 11. Nf4 Bd6 12. Ne5 Kh8 13. f3 Nxe5 14. dxe5
Bc5+ 15. Bd4 Nc3 16. Qd3 Bxd4+ 17. Qxd4 g5 18. Qxc3 gxf4 19. gxf4 Qe7 20.
cxd5 exd5 21. e3 Be6 22. b4 Rfd8 23. Rfd1 Rac8 24. Qc5 Qxc5 25. bxc5 b5 26.
Rd4 a5 27. a3 Kg7 28. Bf1 Kf7 29. Bd3 Rb8 30. Rb1 Ke7 31. Kf2 Rg8 32. e4
Rgf8 33. exd5 Bxd5 34. Bxb5 Ba2 35. Ra1 Be6 36. Bd3 Rb2+ 37. Ke3 Rg8 38.
Rd6 Bd5 39. Rb1 Rgg2 40. Rxb2 Rxb2 41. e6 Rb3 42. Kd4 Rxa3 43. Bxf5 Rxf3
44. Rd7+ Ke8 45. Ke5 a4 46. Kd6 1-0

[Event "XIX Carlos Torre Mem"]
[Site "Merida MEX"]
[Date "2006.12.20"]
[Round "8"]
[White "Suarez,S"]
[Black "Capo Vidal,U"]
[Result "0-1"]
[WhiteElo "2157"]
[BlackElo "2385"]
[EventDate "2006.12.14"]

1. d4 d5 2. c4 e6 3. Nc3 Be7 4. Nf3 Nf6 5. Bg5 h6 6. Bxf6 Bxf6 7. e3 O-O 8.
cxd5 exd5 9. Bd3 c6 10. O-O Nd7 11. Rc1 g6 12. b4 Be7 13. Qb3 Bd6 14. a4
Nf6 15. h3 Re8 16. Ra1 Bd7 17. b5 a5 18. Rac1 Nh7 19. Qc2 Ng5 20. Ne1 Qf6
21. Nd1 Bb4 22. Kh1 Qxd4 23. bxc6 bxc6 24. Bf5 Bxf5 25. Qxf5 Ne4 26. exd4
Nd2 27. Kg1 Rxe1 28. Rxe1 gxf5 0-1